| 000 | 00495nam a2200169Ia 4500 | ||
|---|---|---|---|
| 999 |
_c65171 _d65171 |
||
| 003 | GCL | ||
| 005 | 20240530110811.0 | ||
| 008 | 140319s9999 xx 000 0 ara d | ||
| 040 |
_aGCL / _cGCL |
||
| 082 | 0 | 4 |
_a239.9 _bع ش |
| 100 | 1 | _aعلى سامى النشار | |
| 245 | 1 | 0 |
_aشهداء الاسلام فى عهد النبوة / _cعلى سامى النشار |
| 300 |
_a319 ص. ؛ _c22 سم. |
||
| 650 | 0 | 4 | _aالتاريخ الاسلامى |
| 650 | 0 | 4 | _aالشهداء |
| 942 |
_2ddc _cBK |
||